| 000 | 00681nam a2200205Ia 4500 | ||
|---|---|---|---|
| 005 | 20250508154332.0 | ||
| 008 | 008 250505s9999 xx 000 0 eng d | ||
| 037 | _aTextual | ||
| 040 |
_aFEDL _beng _cFEDL |
||
| 041 |
_aeng _2eng |
||
| 084 |
_a371.1, MYE _qFEDL |
||
| 100 |
_aMyers George R _9765323 |
||
| 245 | 0 | _aStudent teaching and internship in today's secondary schools : A key to improved student teaching eperiences | |
| 260 |
_aColumbus, USA _bCharles E Merrill Book, Inc _c1964 |
||
| 300 | _axii,178p. | ||
| 490 | _aMerrill's international education | ||
| 700 |
_a Walsh William J _9765324 |
||
| 942 |
_cTEXL _h371.1, MYE |
||
| 999 |
_c1349615 _d1349615 |
||